| 000 | 01022nam a2200241Ia 4500 | ||
|---|---|---|---|
| 999 |
_c36919 _d36919 |
||
| 001 | 2870 | ||
| 003 | GE_BSU | ||
| 005 | 20190611212832.0 | ||
| 008 | 181216s2011||||ge |||||||||||||| ||geo|| | ||
| 020 | _a9789941281 | ||
| 040 | _cGE_BSU | ||
| 041 | _ageo | ||
| 080 | _a331(075.8) თ–87 | ||
| 100 |
_aთურმანიძე, სერგო _92436 |
||
| 245 |
_aშრომის ეკონომიკა : _bსალექციო კურსი / _cსერგო თურმანიძე ; რედ. ზ. ელიზბარაშვილი. |
||
| 264 |
_aთბილისი : _b"საზოგადოება ცოდნა", _c2011. |
||
| 300 |
_a149 გვ. : _b ცხრ. ; _c18 სმ. |
||
| 501 | _aდანართები: გვ. 139-146. | ||
| 504 | _aბიბლიოგრ.: გვ. 138. | ||
| 653 | _aშრომის ეკონომიკა | ||
| 700 |
_aელიზბარაშვილი, ზ. _eრედაქტორი _92437 |
||
| 942 |
_cBK _2udc |
||